[Event "Oberliga Ost B 2018 2019"]
[Site "?"]
[Date "2019.04.07"]
[Round "11.5"]
[White "Siebarth, Marco"]
[Black "Nazarenus, Moritz"]
[Result "1/2-1/2"]
[WhiteElo "2044"]
[BlackElo "2260"]
[PlyCount "49"]
[EventDate "2018.10.21"]
[EventType "team-tourn"]
[EventCountry "GER"]
[WhiteTeam "Stadtilm SG BW"]
[BlackTeam "Schoeneck SF"]
[WhiteTeamCountry "GER"]
[BlackTeamCountry "GER"]

1. e4 c6 2. Nc3 d5 3. f4 dxe4 4. Nxe4 Nf6 5. Nf2 c5 6. Nf3 Nc6 7. b3 g6 8. Bb2
Bg7 9. g3 O-O 10. Bg2 Ng4 11. Bxg7 Nxf2 12. Kxf2 Kxg7 13. Re1 Bf5 14. d3 Qb6
15. Kf1 Rad8 16. Qd2 Rfe8 17. Qc3+ Kg8 18. a3 Nd4 19. Nxd4 cxd4 20. Qb4 Qc7 21.
Re2 Bg4 22. Rf2 b6 23. Re1 a5 24. Qc4 Qd6 25. Qc6 1/2-1/2

[Event "Oberliga Ost B 2018 2019"]
[Site "?"]
[Date "2019.04.07"]
[Round "11.6"]
[White "Meyer, Kai Christian"]
[Black "Mehlhorn, Uwe"]
[Result "1-0"]
[WhiteElo "2205"]
[BlackElo "2069"]
[PlyCount "67"]
[EventDate "2018.10.21"]
[EventType "team-tourn"]
[EventCountry "GER"]
[WhiteTeam "Schoeneck SF"]
[BlackTeam "Stadtilm SG BW"]
[WhiteTeamCountry "GER"]
[BlackTeamCountry "GER"]

1. d4 g6 2. Nf3 Bg7 3. e4 d6 4. c3 Nd7 5. Bg5 c6 6. Nbd2 h6 7. Bh4 Nf8 8. Bd3
Bg4 9. Nc4 b5 10. Ne3 Bxf3 11. Qxf3 a6 12. O-O Qd7 13. Qe2 d5 14. exd5 cxd5 15.
a4 Ne6 16. axb5 Nf4 17. Qc2 Nf6 18. bxa6 O-O 19. Ra5 Rfc8 20. Rfa1 N6h5 21. Rc5
e5 22. Bb5 Qd6 23. Rxc8+ Rxc8 24. a7 Ra8 25. dxe5 Bxe5 26. Qa4 Kg7 27. Ng4 g5
28. Nxe5 Qxe5 29. Qd4 Qxd4 30. cxd4 gxh4 31. Bc6 Ne2+ 32. Kf1 Rxa7 33. Rxa7
Nhf4 34. Bxd5 1-0

[Event "Oberliga Ost B 2018 2019"]
[Site "?"]
[Date "2019.04.07"]
[Round "11.7"]
[White "Neubauer, Andreas"]
[Black "Mueller, Achim"]
[Result "0-1"]
[WhiteElo "2185"]
[BlackElo "2094"]
[PlyCount "84"]
[EventDate "2018.10.21"]
[EventType "team-tourn"]
[EventCountry "GER"]
[WhiteTeam "Stadtilm SG BW"]
[BlackTeam "Schoeneck SF"]
[WhiteTeamCountry "GER"]
[BlackTeamCountry "GER"]

1. d4 Nf6 2. c4 g6 3. Nc3 Bg7 4. e4 d6 5. Nf3 O-O 6. h3 e5 7. d5 Nbd7 8. Be3
Nc5 9. Qc2 a5 10. O-O-O Bd7 11. Bxc5 dxc5 12. Nxe5 Nxe4 13. Qxe4 Re8 14. Nxf7
Qf6 15. Qc2 Kxf7 16. g4 Kg8 17. Bd3 Re5 18. Ne4 Qf4+ 19. Kb1 b6 20. Rdf1 a4 21.
a3 c6 22. f3 cxd5 23. cxd5 Rc8 24. Ba6 Rc7 25. d6 Ra7 26. Bc4+ Kh8 27. Qd3 Ra5
28. Nc3 b5 29. Nxb5 Re3 30. Qd5 Qf8 31. Nc7 Re5 32. Qd2 Qf6 33. Rf2 Ra7 34. Rd1
Rb7 35. Qa5 Re8 36. Nxe8 Rxb2+ 37. Kc1 Qf4+ 38. Rdd2 Qxc4+ 39. Rc2 Rxc2+ 40.
Rxc2 Qf1+ 41. Kd2 Bh6+ 42. Kc3 Qe1+ 0-1

[Event "Oberliga Ost B 2018 2019"]
[Site "?"]
[Date "2019.04.07"]
[Round "11.8"]
[White "Weiss, Matthias"]
[Black "Wolf, Philipp"]
[Result "1/2-1/2"]
[WhiteElo "2030"]
[BlackElo "1879"]
[PlyCount "106"]
[EventDate "2018.10.21"]
[EventType "team-tourn"]
[EventCountry "GER"]
[WhiteTeam "Schoeneck SF"]
[BlackTeam "Stadtilm SG BW"]
[WhiteTeamCountry "GER"]
[BlackTeamCountry "GER"]

1. e4 c5 2. Nf3 e6 3. c3 Nf6 4. e5 Nd5 5. d4 cxd4 6. cxd4 b6 7. Bd3 Bb7 8. O-O
d6 9. Nc3 Nxc3 10. bxc3 Qc7 11. Bd2 Nd7 12. Re1 dxe5 13. Nxe5 Nxe5 14. Rxe5 Bd6
15. Rh5 g6 16. Rh3 h5 17. a4 Bf4 18. Qc1 Bxd2 19. Qxd2 Kf8 20. Re1 Kg7 21. Qg5
Bd5 22. Be4 Rad8 23. Rg3 Bxe4 24. Rxe4 Rd5 25. Qe3 Ra5 26. h4 Rxa4 27. d5 Rxe4
28. Qxe4 exd5 29. Qd4+ Kh7 30. Qxd5 Rd8 31. Qf3 Qd7 32. Qf6 Rc8 33. Re3 Rc6 34.
Qf4 Re6 35. Rxe6 Qxe6 36. Qd4 f6 37. g3 g5 38. hxg5 fxg5 39. Kh2 Qf5 40. f4 h4
41. fxg5 hxg3+ 42. Kxg3 Qxg5+ 43. Kf3 Kg6 44. Ke2 Kf7 45. Kd1 Ke6 46. Qh8 a5
47. Qc8+ Kd6 48. Qb8+ Kc6 49. Qc8+ Kb5 50. Qd7+ Kc4 51. Qd4+ Kb5 52. Qd7+ Kc4
53. Qd4+ Kb5 1/2-1/2